TOP 10 Les films de Jim Carrey - Statistiques

Statistiques générales
  • Ce quiz a été pris 136 fois
  • Le résultat moyen est 5 sur 15
Statistiques - réponses
Top Année Réalisateur Réponse % Correct
Top 2 1994 Chuck Russell The Mask
91%
Top 1 1998 Peter Weir The Truman Show
84%
Top 5 2003 Tom Shadyac Bruce tout-puissant
47%
Top 10 1997 Tom Shadyac Menteur, menteur
45%
Top 8 1994 Peter Farrelly & Bobby Farrelly Dumb & Dumber
44%
Top 9 2008 Peyton Reed Yes Man
41%
Top 3 2004 Michel Gondry Eternal Sunshine of the Spotless Mind
34%
Top 12 1995 Steve Oedekerk Ace Ventura en Afrique
16%
Top 4 1999 Milos Forman Man on the moon
13%
Top 7 2000 Peter Farrelly & Bobby Farrelly Fous d'Irène
12%
Top 14 2007 Joel Schumacher Le Nombre 23
11%
Top 15 2013 Jeff Wadlow Kick-Ass 2
5%
Top 6 1994 Tom Shadyac Ace Ventura, détective pour chiens et chats
4%
Top 11 2009 Glenn Ficarra &John Requa I Love you Phillip Morris
4%
Top 13 1996 Ben Stiller Disjonté
1%
Aucun quiz correspondant
Distribution des résultats
% des personnes avec chaque résultat
Percentile par nombre de réponses
Votre historique - résultats
Vous n’avez pas pris ce quiz